| 000 | 00567nam a2200217 a 4500 | ||
|---|---|---|---|
| 005 | 20210219152844.0 | ||
| 008 | 991125n 000 0 eng u | ||
| 035 | _aUPN01000063389 | ||
| 100 | _aHagstrom, David | ||
| 222 | _aEDUCATIONAL LEADERSHIP | ||
| 245 | _aAlaska's discovery school | ||
| 300 | _a23-26 | ||
| 362 | _a49, No. 5, 1992 | ||
| 505 | _aJunio 1992 | ||
| 653 | 0 | _aAPRENDIZAJE POR DESCUBRIMIENTO | |
| 653 | 0 | _aCOMPROMISOS COMUNITARIOS | |
| 653 | 0 | _aDIRECTORES | |
| 653 | 0 | _aORIENTACION COMO META | |
| 904 |
_aAC _b001200 |
||
| 905 | _aArticulo | ||
| 999 |
_c62084 _d62084 |
||